00771cam a22002414a 45000010009000000050017000090080041000260100017000670200040000840400018001240410008001420420008001500800017001580820021001751000007001961010008002032450064002115040064002759060045003399420012003849990017003969520116004131284216920180228044613.0020703s2003 enka b 001 0 eng  a 2002010393 a0195131339 (hardcover : alk. paper) aDLCcDLCdDLC aeng apcc a305.231 bar00a305.231 bar2211 a49 apsi14aThe cultural nature of human development /cBarbara Rogoff. aIncludes bibliographical references (p. 371-411) and index. a7bcbccorignewd1eecipf20gy-gencatlg 2ddccBK c43691d43691 00102udc40708PËKGa002b002cPËKGd2018-02-28l0o305.231 barp002-3000343r2018-02-28w2018-02-28yBK